Urban Water Engineering and Management /
Salvato in:
| Autori principali: | , , |
|---|---|
| Natura: | Libro |
| Lingua: | inglese |
| Pubblicazione: |
Florida:
CRC Press Taylor & Francis,
2010
|
| Soggetti: | |
| Tags: |
Nessun Tag, puoi essere il primo ad aggiungerne!!
|
MARC
| LEADER | 00000nam a22000003a 4500 | ||
|---|---|---|---|
| 001 | 0010218 | ||
| 003 | SK-STU | ||
| 005 | 20151214120220.5 | ||
| 007 | ta | ||
| 008 | 151214s ----xo-----e------000-0-----d | ||
| 020 | |a 978-1-4398-1310-2 | ||
| 040 | |a STU |b slo | ||
| 041 | 0 | |a eng |h eng | |
| 044 | |a xxu | ||
| 100 | 1 | |a Karamouz, Mohammad |r Z6 |4 aut | |
| 245 | 1 | 0 | |a Urban Water Engineering and Management / |c aut. Mohammad Karamouz, Ali Moridi, Sara Nazif |
| 260 | |a Florida: |b CRC Press Taylor & Francis, |c 2010 | ||
| 300 | |a 602 s. | ||
| 650 | 0 | 7 | |a Water-supply management |
| 650 | 0 | 7 | |a Water Analysis |
| 650 | 0 | 7 | |a water quality |
| 700 | 1 | |a Moridi, Ali |r Z6 |4 aut | |
| 700 | 1 | |a Nazif, Sara |r Z6 |4 aut | |
| 996 | |c V* 52292/O-23449 |l VV17 |s P |a 0 |w 0010218_0001 | ||